000
00180nam a2200073Ia 4500
008
170523s9999 xx 000 0 und d
100
_a
Hingorani- Narain G.
245
0
_a
Understanding Facts
260
_a
Wiley India
999
_c
12052
_d
12052